000
00299nam a2200133Ia 4500
008
191201s2010 xx 000 0 und d
100
_a
LALL, Madhurima
245
0
_a
Entrepreneurship
250
_a
Rep
260
_c
2010
_b
Excel Books
_a
N. Delhi
300
_a
425
650
_a
MBA
942
_2
ddc
_c
BB
999
_c
7328
_d
7328